Dictionnaire de l'Ancien Régime (notice n° 2197750)

détails MARC
000 -LEADER
fixed length control field 01824cam a2200169 4500500
005 - DATE AND TIME OF LATEST TRANSACTION
control field 20260405085448.0
041 ## - LANGUAGE CODE
Language code of text/sound track or separate title fre
042 ## - AUTHENTICATION CODE
Authentication code dc
100 10 - MAIN ENTRY--PERSONAL NAME
Personal name Conchon, Anne
Relator term author
245 00 - TITLE STATEMENT
Title Dictionnaire de l'Ancien Régime
260 ## - PUBLICATION, DISTRIBUTION, ETC.
Name of publisher, distributor, etc. Armand Colin,<br/>
Date of publication, distribution, etc. 2004.<br/>
520 ## - SUMMARY, ETC.
Summary, etc. Peuplée de 80% de paysans dans des frontières qui tendent à devenir celles d'aujourd'hui, sous un régime politique qualifié de monarchie absolue, la France de l'Ancien Régime nous a légué d'importants héritages. Ce dictionnaire s'adresse à tous ceux qui entreprennent des études historiques, artistiques ou littéraires concernant la France des XVIe, XVIIe et XVIIIe siècles. Il est également destiné à tous ceux qui s'intéressent à cette époque. Son objectif est de définir les notions essentielles que l'on peut rencontrer au détour d'un cours, d'une lecture ou de la consultation de documents d'époque. Il offre un outil de travail essentiel grâce à des définitions claires et synthétiques tenant compte du dernier état de la connaissance. Les thèmes développés concernent aussi bien la société (cour, paysans, privilèges...), la culture et les mentalités (académies, enseignement, sexualité...), la religion (pèlerinages, jansénisme, diable...), la population (registres paroissiaux, crises démographiques, famille...), l'économie (travail, transports, physiocratie...), les finances (impôts, chambres des comptes, tontines...), les sciences et techniques (médecine, astronomie, ingénieur...), que la monarchie (absolutisme, parlements, intendant...).
700 10 - ADDED ENTRY--PERSONAL NAME
Personal name Maes, Bruno
Relator term author
700 10 - ADDED ENTRY--PERSONAL NAME
Personal name Paresys, Isabelle
Relator term author
700 10 - ADDED ENTRY--PERSONAL NAME
Personal name Muchembled, Robert
Relator term author
856 41 - ELECTRONIC LOCATION AND ACCESS
Uniform Resource Identifier <a href="https://shs.cairn.info/dictionnaire-de-l-ancien-regime--9782200263119?lang=fr&redirect-ssocas=7080">https://shs.cairn.info/dictionnaire-de-l-ancien-regime--9782200263119?lang=fr&redirect-ssocas=7080</a>

Pas d'exemplaire disponible.

PLUDOC

PLUDOC est la plateforme unique et centralisée de gestion des bibliothèques physiques et numériques de Guinée administré par le CEDUST. Elle est la plus grande base de données de ressources documentaires pour les Étudiants, Enseignants chercheurs et Chercheurs de Guinée.

Adresse

627 919 101/664 919 101

25 boulevard du commerce
Kaloum, Conakry, Guinée

Réseaux sociaux

Powered by Netsen Group @ 2025